|
|
|
|
| LEADER |
01213cam a2200301 i 4500 |
| 001 |
2706332 |
| 003 |
GR-PaULI |
| 005 |
20210117210729.0 |
| 008 |
760407s1977 gw b 001 0 eng |
| 952 |
|
|
|0 0
|1 0
|2 ddc
|4 0
|6 Π_Σ_512_220000000000000_LYN
|7 0
|9 226318
|a LISP
|b LISP
|c REF
|d 2018-10-03
|i 107684
|l 0
|o Π/Σ 512.22 LYN
|p 025000258754
|r 2018-10-03 00:00:00
|t 1
|v 2018.00
|w 2018-10-03
|y BKN
|
| 999 |
|
|
|c 136577
|d 136577
|
| 010 |
|
|
|a 76012537
|
| 020 |
|
|
|a 0387076425
|
| 020 |
|
|
|a 3540076425
|
| 040 |
|
|
|a DLC
|c DLC
|d DLC
|b gre
|e AACR2
|
| 082 |
0 |
0 |
|a 512.22
|2 23
|
| 100 |
1 |
|
|a Lyndon, Roger C.
|e συγγραφέας.
|
| 245 |
1 |
0 |
|a Combinatorial group theory /
|c Roger C. Lyndon, Paul E. Schupp.
|
| 260 |
|
|
|a Berlin ;
|a New York :
|b Springer-Verlag,
|c 1977.
|
| 300 |
|
|
|a xiv, 339 σ. ;
|c 25 εκ.
|
| 490 |
1 |
|
|a Ergebnisse der Mathematik und ihrer Grenzgebiete
|v 89.
|
| 500 |
|
|
|a
|
| 504 |
|
|
|a Περιλαμβάνει βιβλιογραφία και ευρετήριο.
|
| 650 |
|
4 |
|a Ομάδες, Θεωρία των
|9 971
|
| 700 |
1 |
|
|a Schupp, Paul E.,
|d 1937-
|e συγγραφέας.
|9 171391
|
| 830 |
|
|
|9 167254
|a Ergebnisse der Mathematik und ihrer Grenzgebiete
|v 89.
|
| 942 |
|
|
|2 ddc
|c BKN
|
| 998 |
|
|
|c ΜΠΟΥΡΑΣ
|d 2018-10
|